MARC

LEADER 00000nas a2200000 a 4500
001 ssj0001770
003 WaSeSS
005 20200512172242.0
006 m d
007 cr n
008 011119c19689999gaufr p s 0 a0eng c
010 |a  2009250645 
016 7 |a 010505044  |2 Uk 
022 |a 2165-2678  |y 0039-3819 
035 |a (WaSeSS)ssj0001770 
037 |b JHUP, 2715 N. Charles St., Baltimore, MD 21218 
040 |a SNN  |b eng  |c SNN  |d OCLCQ  |d BUF  |d CO3  |d BUF  |d CNTRU  |d DLC  |d TXA  |d OCLCQ  |d OCLCA  |d OCLCQ  |d OCLCA  |d OCLCF  |d VT2  |d OCLCA  |d OCLCE  |d LND  |d YYP  |d UKMGB  |d OCLCQ  |d ZAC  |d U3W  |d OCLCA  |d WaSeSS 
042 |a pcc  |a nsdp  |a dlr 
043 |a e-uk--- 
050 1 4 |a PR1  |b .S84 
082 1 4 |a 809  |2 11 
130 0 |a Studies in the literary imagination (Online) 
222 0 |a Studies in the literary imagination  |b (Online) 
245 1 0 |a Studies in the literary imagination  |h [electronic resource]. 
246 1 |i Issues for <fall 1999-> also have acronym title:  |a SLI 
260 |3 1968-1969 :  |a Atlanta, GA :  |b Dept. of English, Georgia State College,  |c ©1968- 
260 3 |3 1970- :  |a Atlanta, GA :  |b Dept. of English, Georgia State University 
310 |a Semiannual 
362 1 |a Began with: Vol. 1, no. 1 (Apr. 1968). 
506 |a License restrictions may limit access. 
538 |a Master and use copy. Digital master created according to Benchmark for Faithful Digital Reproductions of Monographs and Serials, Version 1. Digital Library Federation, December 2002.  |u http://purl.oclc.org/DLF/benchrepro0212  |5 MiAaHDL 
538 |a Mode of access: World Wide Web. 
583 1 |a digitized  |c 2010  |h HathiTrust Digital Library  |l committed to preserve  |2 pda  |5 MiAaHDL 
588 |a Description based on: Vol. 1, no. 1 (Apr. 1968); title from PDF table of contents (PAO, viewed Sept. 3, 2012). 
588 |a Latest issue consulted: Vol. 44, no. 1 (spring 2011) (Project MUSE, viewed Sept. 3, 2012). 
650 0 |a Creation (Literary, artistic, etc.)  |v Periodicals. 
650 6 |a Création littéraire  |v Périodiques. 
650 6 |a Imagination  |v Périodiques. 
650 7 |a Creation (Literary, artistic, etc.)  |2 fast  |0 (OCoLC)fst00882393 
650 1 7 |a Literatuurwetenschap.  |2 gtt 
653 |a History (General) 
653 |a Literature 
655 0 |a Electronic journals. 
710 2 |a Georgia State University.  |b Department of English. 
710 2 |a Georgia State College (Atlanta, Ga.).  |b Department of English. 
776 0 8 |i Print version:  |t Studies in the literary imagination  |x 0039-3819  |w (DLC)sf 78000015  |w (OCoLC)1605898 
856 4 0 |z Full text available from Research Library: 04/01/1996 to present  |u https://search.proquest.com/publication/48227